000 00288nam a22001337a 4500
008 170628b xxu||||| |||| 00| 0 eng d
020 _a0155952773
041 _aeng
080 _a82
100 _a21
101 _aGJL
245 _aWESTERN LITERATURE II
_cHOLLANDER,R
942 _2udc
_cBK
999 _c19363
_d19363